| 000 | 00583nam a2200157 i 4500 | ||
|---|---|---|---|
| 001 | 37317 | ||
| 003 | ES-MaACL | ||
| 005 | 20230906155538.0 | ||
| 007 | t| | ||
| 008 | 030220s1927 xxk ||||1| eng d | ||
| 100 | 1 |
_aButler, Cuthbert. _932938 |
|
| 245 | 1 | 0 |
_aWestern mysticism _b: the reading of S.S. Augustine, Gregory and Bernard on contemplation and the contemplative life : neglected chapters in the history of religion / _cby Cuthbert Butler. |
| 260 |
_aLondon : _bConstable, _c[1927] ( _fRichard Clay) |
||
| 300 |
_aXCI, 352 p. ; _c23 cm. |
||
| 852 |
_aES-MaACL _jD-7390 _bR.30201 |
||
| 999 |
_c37317 _d37317 |
||